000
00321nam a2200121Ia 4500
008
240624s9999 xx 000 0 und d
041
_a
eng
082
_a
891.46 OAK
100
_a
OAK VINAYAK KONDEV
245
_a
MAHANMNIMALA MHANJE THOR PURUSHANCHI CHA
260
_c
2013
_a
Kolhapur
_b
Riya Publications
365
_c
RS
_b
20
999
_c
30786
_d
30786